| 000 | 00425nam a22001697a 4500 | ||
|---|---|---|---|
| 005 | 20250521103652.0 | ||
| 008 | 160630b xxu||||| |||| 00| 0 eng d | ||
| 020 | _a81-88458-16-3 | ||
| 041 | _aeng | ||
| 100 | _aKumar, Dr. D.S | ||
| 245 | _aENGINEERING MECHANICS : STATICS & DYNAMICS | ||
| 250 | _a4TH REV ED. | ||
| 260 |
_bKatson _c2012 _aNEW DELHI |
||
| 300 | _a777;p | ||
| 650 |
_aDiploma Engineering _9817 |
||
| 942 | _cBK | ||
| 999 |
_c4867 _d4865 |
||